Score 0/18 Timer 03:00
1 Play Today
Movie Missing Word % Correct
____ TorinoGran
97.1%
8 ____Mile
85.8%
Grosse Pointe ____Blank
81.5%
Bird on a ____Wire
80.3%
____ of SightOut
78.8%
The ____ SuicidesVirgin
70.3%
Detroit ____ CityRock
67%
____ RomanceTrue
64.5%
Mr. ____Mom
58.5%
Movie Missing Word % Correct
____ on Precinct 13Assault
55.1%
____ BrothersFour
44.2%
____ SteelReal
42.5%
____ JacksonAction
38.3%
____ WoundsExit
37.2%
Alex ____Cross
26.5%
Only Lovers ____ AliveLeft
26%
Paper ____Lion
20.5%
The Upside of ____Anger
18.3%

Today's Daily Dose

Remove Ads.
Support Sporcle.
Get the best of Sporcle when you Go Orange. This ad-free experience offers more features, more stats, and more fun while also helping to support Sporcle. Thank you for becoming a member.

You're not logged in!

Compare scores with friends on all Sporcle quizzes.
OR
Log In

Show Comments

Extras

Top Quizzes Today


Score Distribution

Your Account Isn't Verified!

In order to create a playlist on Sporcle, you need to verify the email address you used during registration. Go to your Sporcle Settings to finish the process.

Report this User

Report this user for behavior that violates our Community Guidelines.

Details: